<?xml version="1.0" encoding="UTF-8"?>
<marc:record xmlns:marc="http://www.loc.gov/MARC21/slim">
   <marc:leader>00000nam a2200000 a 4500</marc:leader>
   <marc:datafield ind1="0" ind2="0" tag="245">
      <marc:subfield code="a">Die Magie der Träume</marc:subfield>
   </marc:datafield>
   <marc:datafield ind1=" " ind2="1" tag="264">
      <marc:subfield code="b">Splendid Film</marc:subfield>
      <marc:subfield code="c">2021</marc:subfield>
   </marc:datafield>
   <marc:datafield ind1="1" ind2=" " tag="520">
      <marc:subfield code="a">Die Geschwister Peter und Alice, die beide eine blühende Fantasie haben, verbringen eine unbeschwerte Kindheit. Doch als ihr älterer Bruder eines Tages bei einem tragischen Unfall ums Leben kommt, droht die Familie zu zerbrechen. Ihre Mutter beginnt zu trinken und der Vater häuft immer mehr Schulden an. Peter und Alice wollen sich nicht mit ihrem Schicksal abfinden, also begeben sie sich auf eine aufregende Reise, bei der sie unter anderem dem verrückten Hutmacher und der Herzkönigin begegnen.</marc:subfield>
   </marc:datafield>
   <marc:datafield ind1="3" ind2=" " tag="024">
      <marc:subfield code="a">4013549122023</marc:subfield>
   </marc:datafield>
   <marc:datafield ind1="0" ind2=" " tag="490">
      <marc:subfield code="v">0</marc:subfield>
   </marc:datafield>
   <marc:datafield ind1=" " ind2=" " tag="300">
      <marc:subfield code="a">1 DVD : ca. 91 Min.</marc:subfield>
   </marc:datafield>
</marc:record>
